Communicating at work : Principles and practices for business and the professions
This text, in business communication, takes a pragmatic approach that features a strong multicultural focus, a heavy emphasis on effective presentations and a teaching programme that is designed to encourage group activities and skill building.
Αποθηκεύτηκε σε:
| Κύριος συγγραφέας: | |
|---|---|
| Μορφή: | Βιβλίο |
| Γλώσσα: | Undetermined |
| Έκδοση: |
NewYork
McGraw - Hill
2005
|
| Θέματα: | |
| Ετικέτες: |
Προσθήκη ετικέτας
Δεν υπάρχουν, Καταχωρήστε ετικέτα πρώτοι!
|
| Thư viện lưu trữ: | Trung tâm Học liệu Trường Đại học Cần Thơ |
|---|
| LEADER | 00965nam a2200205Ia 4500 | ||
|---|---|---|---|
| 001 | CTU_213320 | ||
| 008 | 210402s9999 xx 000 0 und d | ||
| 082 | |a 658.45 | ||
| 082 | |b A237 | ||
| 100 | |a Adler, Ronald B. | ||
| 245 | 0 | |a Communicating at work : | |
| 245 | 0 | |b Principles and practices for business and the professions | |
| 245 | 0 | |c Ronald B. Adler, Jeanne Marquardt Elmhorst | |
| 260 | |a NewYork | ||
| 260 | |b McGraw - Hill | ||
| 260 | |c 2005 | ||
| 520 | |a This text, in business communication, takes a pragmatic approach that features a strong multicultural focus, a heavy emphasis on effective presentations and a teaching programme that is designed to encourage group activities and skill building. | ||
| 650 | |a Business communication,Interpersonal communication,Giao tiếp trong kinh doanh,Giao tiếp giữa người với người | ||
| 904 | |i Đặng Cẩm Thuỳ | ||
| 980 | |a Trung tâm Học liệu Trường Đại học Cần Thơ | ||